Der Katechist - ein neues Amt in der katholischen Kirche Österreichs

Saved in:  
Bibliographic Details
Main Author: Hirnsperger, Johann 1951- (Author)
Format: Print Article
Language:German
Check availability: HBZ Gateway
Interlibrary Loan:Interlibrary Loan for the Fachinformationsdienste (Specialized Information Services in Germany)
Published: 2011
In: Archiv für katholisches Kirchenrecht
Year: 2011, Volume: 180, Issue: 2, Pages: [446]-465
IxTheo Classification:KBB German language area
RB Church office; congregation
SB Catholic Church law
Further subjects:B Katechist
B Austria
B Holy See (motif) Nuntiature Austria
B Church office

MARC

LEADER 00000caa a2200000 c 4500
001 1632041650
003 DE-627
005 20220607132002.0
007 tu
008 130529s2011 xx ||||| 00| ||ger c
035 |a (DE-627)1632041650 
035 |a (DE-576)382843878 
035 |a (DE-599)BSZ382843878 
040 |a DE-627  |b ger  |c DE-627  |e rakwb 
041 |a ger 
084 |a 1  |2 ssgn 
100 1 |0 (DE-588)120778394  |0 (DE-627)080882919  |0 (DE-576)170682153  |4 aut  |a Hirnsperger, Johann  |d 1951- 
109 |a Hirnsperger, Johann 1951- 
245 1 4 |a Der Katechist - ein neues Amt in der katholischen Kirche Österreichs  |c Johann Hirnsperger 
264 1 |c 2011 
336 |a Text  |b txt  |2 rdacontent 
337 |a ohne Hilfsmittel zu benutzen  |b n  |2 rdamedia 
338 |a Band  |b nc  |2 rdacarrier 
610 2 7 |0 (DE-588)10100476-X  |0 (DE-627)714142840  |0 (DE-576)200238132  |a Katholische Kirche  |b Nuntiatur  |g Österreich  |2 gnd 
650 0 7 |0 (DE-588)4030826-1  |0 (DE-627)106268627  |0 (DE-576)208989110  |a Kirchliches Amt  |2 gnd 
650 4 |a Katechist 
651 7 |0 (DE-588)4043271-3  |0 (DE-627)10420317X  |0 (DE-576)209054964  |a Österreich  |2 gnd 
652 |a KBB:RB:SB 
773 0 8 |i In  |t Archiv für katholisches Kirchenrecht  |d Paderborn : Schöningh, 1857  |g 180(2011), 2, Seite [446]-465  |w (DE-627)129061514  |w (DE-600)468-6  |w (DE-576)014392291  |x 0003-9160  |7 nnas 
773 1 8 |g volume:180  |g year:2011  |g number:2  |g pages:[446]-465 
935 |a KALD 
951 |a AR 
CAN |a 1 
ELC |b 1 
ITA |a 1 
LOK |0 000 xxxxxcx a22 zn 4500 
LOK |0 001 3283632693 
LOK |0 003 DE-627 
LOK |0 004 1632041650 
LOK |0 005 20130529085252 
LOK |0 008 130529||||||||||||||||ger||||||| 
LOK |0 040   |a DE-21-35  |c DE-627  |d DE-21-35 
LOK |0 852   |a DE-21-35 
LOK |0 852 1  |c Nb 2.00-180,2  |m p  |9 00 
LOK |0 935   |a ixzs 
LOK |0 938   |k p 
LOK |0 939   |a 29-05-13  |b l01 
LOK |0 000 xxxxxcx a22 zn 4500 
LOK |0 001 3283632731 
LOK |0 003 DE-627 
LOK |0 004 1632041650 
LOK |0 005 20191031120656 
LOK |0 008 190311||||||||||||||||ger||||||| 
LOK |0 035   |a (DE-Tue135-1)224293 
LOK |0 040   |a DE-Tue135-1  |c DE-627  |d DE-Tue135-1 
LOK |0 852   |a DE-Tue135-1 
LOK |0 852 1  |c FTHKR097796/180/HRJ  |m p  |9 00 
LOK |0 852 2  |b FTH Z5-040  |9 00 
LOK |0 935   |a iZSA 
LOK |0 936ln  |0 144205302X  |a RB 
LOK |0 936ln  |0 1442044721  |a KBB 
LOK |0 936ln  |0 1442053313  |a SB 
LOK |0 938   |k p 
LOK |0 939   |a 11-03-19  |b l01 
ORI |a SA-MARC-ixtheoa001.raw 
STA 0 0 |a Austria,Church office,Office 
STB 0 0 |a Ministère ecclésiastique 
STC 0 0 |a Ministerio eclesial,eclesiástico,eclesiástico 
STD 0 0 |a Ministero ecclesiastico 
STE 0 0 |a 教会职位,教会职务 
STF 0 0 |a 教會職位,教會職務 
STG 0 0 |a Ministério eclesial,eclesiástico,eclesiástico 
STH 0 0 |a Церковная должность 
STI 0 0 |a Εκκλησιαστικό αξίωμα 
SUB |a CAN 
SYB 0 0 |a Apostolische Nuntiatur Schweiz,Apostolische Nuntiatur in der Schweiz,Apostolische Nuntiatur Bern,Apostolische Nuntiatur in Bern,Botschaft des Heiligen Stuhls in der Schweiz,Nonciature Apostolique en Suisse,Nuntiatur in der Demokratischen Republik Kongo,Apostolische Nuntiatur Republik Kongo,Apostolische Nuntiatur in der Republik Kongo,Apostolische Nuntiatur Elisabethville,Apostolische Nuntiatur in Elisabethville,Katholische Kirche,Apostolische Nuntiatur,Apostolische Nuntiatur Frankreich,Apostolische Nuntiatur in Frankreich,Apostolica Nuntiatura Gallica,Apostolische Nuntiatur Bundesrepublik Deutschland,Apostolische Nuntiatur in der Bundesrepublik Deutschland,Apostolische Nuntiatur Bonn,Apostolische Nuntiatur in Bonn,Nuntiatura Vindobonensis,Bécsi Követség,Bécsi Pápai Követség,Pápai Követség Wien,Pápai Követség Bécs,Wiener Nuntiatur,Apostolische Nuntiatur Wien,Apostolische Nuntiatur in Wien,Apostolische Nuntiatur Italien,Apostolische Nuntiatur in Italien,Apostolische Nuntiatur Rom,Apostolische Nuntiatur in Rom,Nunziatura Apostolica in Italia,Apostolische Nuntiatur USA,Apostolische Nuntiatur in den USA,Apostolische Nuntiatur Washington, DC,Apostolische Nuntiatur in Washington, DC,Apostolische Nuntiatur Ungarn,Apostolische Nuntiatur in Ungarn,Apostolische Nuntiatur Belgien,Apostolische Nuntiatur in Belgien,Apostolische Nuntiatur Brüssel,Apostolische Nuntiatur in Brüssel,Apostolische Nuntiatur Österreich,Apostolische Nuntiatur in Österreich,Apostolische Nuntiatur Graz,Apostolische Nuntiatur in Graz,Apostolische Nuntiatur Italien,Apostolische Nuntiatur in Italien,Apostolische Nuntiatur Venedig,Apostolische Nuntiatur in Venedig,Apostolische Nuntiatur Schweiz,Apostolische Nuntiatur in der Schweiz,Apostolische Nuntiatur Luzern,Apostolische Nuntiatur in Luzern,Apostolische Nuntiatur Belgien,Apostolische Nuntiatur in Belgien,Apostolische Nuntiatur Brüssel,Apostolische Nuntiatur in Brüssel,Apostolische Nuntiatur Polen,Apostolische Nuntiatur in Polen,Apostolische Nuntiatur Warschau,Apostolische Nuntiatur in Warschau,Apostolische Nuntiatur Polen,Apostolische Nuntiatur in Polen,Apostolische Nuntiatur Warschau,Apostolische Nuntiatur in Warschau,Nuntiatura Polona,Apostolische Nuntiatur Spanien,Apostolische Nuntiatur in Spanien,Apostolische Nuntiatur Madrid,Apostolische Nuntiatur in Madrid,Nunziatura Apostolica Espana,Apostolische Nuntiatur Deutschland,Apostolische Nuntiatur in Deutschland,Apostolische Nuntiatur in der Bundesrepublik Deutschland,Apostolische Nuntiatur Berlin,Apostolische Nuntiatur in Berlin,Apostolische Nuntiatur Bonn,Apostolische Nuntiatur in Bonn,Apostolische Nuntiatur Deutschland,Apostolische Nuntiatur in Deutschland,Apostolische Nuntiatur Köln,Apostolische Nuntiatur in Köln,Kölner Nuntiatur,Botschaft des Heiligen Stuhls in Österreich,Apostolische Nuntiatur in Österreich,Apostolische Nuntiatur Österreich,Apostolische Nuntiatur Wien,Apostolische Nuntiatur in Wien,Heiliger Stuhl,Nuntiatur,Nuntiatur,Apostolische Nuntiatur Deutschland,Apostolische Nuntiatur in Deutschland,Apostolische Nuntiatur München,Apostolische Nuntiatur in München 
SYE 0 0 |a Amt,Kirchenamt 
SYF 0 0 |a Österreich,Zentralausschuss für die UniversitätslehrerInnen beim bmwf,Österreich,Zentralausschuss für die UniversitätslehrerInnen der Ämter der Universitäten beim bmwf,Österreich,Zentralausschuss für die Universitätslehrerinnen und Universitätslehrer,Zentralausschuss für die UniversitätslehrerInnen,Zentralausschuss für die Universitätslehrerinnen und Universitätslehrer,Österreich,Zentralausschuss für die UniversitätslehrerInnen,Zentralausschuss für die UniversitätslehrerInnen der Ämter der Universitäten beim bm:wfw , Österreich,Österreich,Österreich,Österreich,Österreich,Österreich,Deutschösterreich,Land Österreich,Die im Reichsrat Vertretenen Königreiche und Länder,Zisleithanien,Cisleithanien,Habsburgermonarchie,Habsburgerreich,Ostmark,Austrya,Austrja,Republik Österreich,Bundesstaat Österreich,Staat Deutschösterreich,Kaisertum Österreich,Kaiserthum Österreich,Österreichische Monarchie,Austria,Autriche,Ostmark